<?xml version="1.0" encoding="UTF-8"?>
<collection xmlns:xsi="http://www.w3.org/2001/XMLSchema-instance" xsi:schemaLocation="http://www.loc.gov/MARC21/slim http://www.loc.gov/standards/marcxml/schema/MARC21slim.xsd" xmlns="http://www.loc.gov/MARC21/slim">
 <record>
  <leader>00000ctm a22000003i 4500</leader>
  <controlfield tag="001">UP-99796217614036826</controlfield>
  <controlfield tag="003">Buklod</controlfield>
  <controlfield tag="005">20230802143353.0</controlfield>
  <controlfield tag="006">a     r    |||| u|</controlfield>
  <controlfield tag="007">ta</controlfield>
  <controlfield tag="008">230802s2022    ph     grm    000 0|eng |</controlfield>
  <datafield tag="035" ind1=" " ind2=" ">
   <subfield code="a">(iLib)UPD-00536375122</subfield>
  </datafield>
  <datafield tag="040" ind1="0" ind2=" ">
   <subfield code="a">DCHE</subfield>
   <subfield code="e">rda</subfield>
  </datafield>
  <datafield tag="041" ind1="0" ind2=" ">
   <subfield code="a">eng</subfield>
  </datafield>
  <datafield tag="042" ind1=" " ind2=" ">
   <subfield code="a">DMLUC</subfield>
  </datafield>
  <datafield tag="090" ind1="0" ind2="0">
   <subfield code="a">LG 993.5 2022 C56</subfield>
   <subfield code="b">K35</subfield>
  </datafield>
  <datafield tag="100" ind1="1" ind2=" ">
   <subfield code="a">Kalaw, Marianna Isabel E.</subfield>
   <subfield code="e">author</subfield>
  </datafield>
  <datafield tag="245" ind1="0" ind2="0">
   <subfield code="a">Coping strategies of selected small tailoring shops in the Marikina Public Market during the COVID-19 pandemic</subfield>
   <subfield code="c">Marianna Isabel E. Kalaw ; Maria Monica E. Rayala, adviser.</subfield>
  </datafield>
  <datafield tag="264" ind1=" " ind2="1">
   <subfield code="a">Quezon City</subfield>
   <subfield code="b">College of Home Economics, University of the Philippines Diliman</subfield>
   <subfield code="c">2022.</subfield>
  </datafield>
  <datafield tag="300" ind1=" " ind2=" ">
   <subfield code="a">x, 99 leaves :</subfield>
   <subfield code="b">illustrations (some color) +</subfield>
   <subfield code="c">28 cm.</subfield>
   <subfield code="e">1 CD ROM (4 ¾ in.)</subfield>
  </datafield>
  <datafield tag="336" ind1=" " ind2=" ">
   <subfield code="a">text</subfield>
   <subfield code="2">rdacontent</subfield>
  </datafield>
  <datafield tag="337" ind1=" " ind2=" ">
   <subfield code="a">unmediated</subfield>
   <subfield code="2">rdamedia</subfield>
  </datafield>
  <datafield tag="338" ind1=" " ind2=" ">
   <subfield code="a">volume</subfield>
   <subfield code="2">rdacarrier</subfield>
  </datafield>
  <datafield tag="500" ind1=" " ind2=" ">
   <subfield code="a">Thesis Classification: F</subfield>
  </datafield>
  <datafield tag="502" ind1=" " ind2=" ">
   <subfield code="a">Thesis</subfield>
   <subfield code="b">B.S. Clothing Technology</subfield>
   <subfield code="c">University of the Philippines Diliman</subfield>
   <subfield code="d">23 January 2022.</subfield>
  </datafield>
  <datafield tag="504" ind1=" " ind2=" ">
   <subfield code="a">Includes bibliographical references and appendices.</subfield>
  </datafield>
  <datafield tag="520" ind1="3" ind2=" ">
   <subfield code="a">Most countries have implemented lockdown measures to contain the COVID-19 pandemic. Because of this, a lot of micro, small, medium and enterprises (MSMEs) like the tailoring shops in the Marikina Public Market had been affected and had lost profit during this time. This descriptive study aimed to analyze the coping strategies of selected small tailoring shops in Marikina during the COVID-19 pandemic. Specifically, it described the raw material procurement, the production flow, and the workforce of selected tailoring shops, before the pandemic, during the pandemic and after several months of reopening to find the changes in the business operations. Twelve (12) purposively selected shop owners or employees were interviewed about their operations. The survey method was used to gather data and results were presented through narratives and analyzed based on common themes. The study determined that there were 9 coping strategies that were common among the respondents using the strategies found in Taqi et, al's (2020) study on the ready-made garments (RMG) supply chain had used to cope in the pandemic. It can be concluded that the selected shops in Marikina Public Market are versatile and are able to find ways to cope with the challenges brought by the COVID-19 pandemic. Further studies are recommended to determine the factors that affect the coping mechanisms of MSMEs amidst a pandemic situation or economic crisis.</subfield>
  </datafield>
  <datafield tag="650" ind1=" " ind2="0">
   <subfield code="a">Clothing trade</subfield>
   <subfield code="x">Economic aspects</subfield>
   <subfield code="z">Philippines.</subfield>
  </datafield>
  <datafield tag="650" ind1=" " ind2="0">
   <subfield code="a">Tailoring</subfield>
   <subfield code="x">Economic aspects</subfield>
   <subfield code="z">Philippines.</subfield>
  </datafield>
  <datafield tag="700" ind1="1" ind2=" ">
   <subfield code="a">Rayala, Maria Monica E.</subfield>
   <subfield code="e">adviser.</subfield>
  </datafield>
  <datafield tag="842" ind1=" " ind2=" ">
   <subfield code="a">Thesis</subfield>
  </datafield>
  <datafield tag="905" ind1=" " ind2=" ">
   <subfield code="a">FI</subfield>
  </datafield>
  <datafield tag="905" ind1=" " ind2=" ">
   <subfield code="a">UP</subfield>
  </datafield>
  <datafield tag="852" ind1="0" ind2=" ">
   <subfield code="a">UPD</subfield>
   <subfield code="b">DCHE</subfield>
   <subfield code="h">LG 993.5 2022 C56</subfield>
   <subfield code="i">K35</subfield>
  </datafield>
  <datafield tag="942" ind1=" " ind2=" ">
   <subfield code="a">Thesis</subfield>
  </datafield>
 </record>
</collection>
